01271nam a2200301 a 4500001001200000003000800012006001900020007001500039008004100054020001800095020002700113040002100140035002100161050002600182100001800208245019500226260004300421300003500464500002000499533015200519630002600671630003500697650002600732650003900758655002900797710001700826856012600843ebr10439384CaPaEBRm u cr cn|||||||||110114s2010 enka s 001 0 eng d z9781849690744 z9781849690751 (e-book) aCaPaEBRcCaPaEBR a(OCoLC)70211598014aQA76.625b.W55 2010eb0 aPrince Far I.10aFacebook Graph API development with Flashh[electronic resource] :bbeginner's guide : build social Flash applications fully integrated with the Facebook Graph API /cMichael James Williams. aBirmingham, U.K. :bPackt Pub.,c2010. avi, 305 p. :bill. (some col.) aIncludes index. aElectronic reproduction.bPalo Alto, Calif. :cebrary,d2011.nAvailable via World Wide Web.nAccess may be limited to ebrary affiliated libraries.00aFlash (Computer file)00aFacebook (Electronic resource) 0aInternet programming. 0aApplication softwarexDevelopment. 7aElectronic books.2local2 aebrary, Inc.40uhttp://site.ebrary.com/lib/rucke/Doc?id=10439384zAn electronic book accessible through the World Wide Web; click to view